| 000 | 00953nac a22002651u 4500 | ||
|---|---|---|---|
| 010 | _a 93033400 | ||
| 020 | _a0415096030 (acid-free paper) : | ||
| 082 | 0 | 0 |
_a291.35 _bCAR |
| 090 |
_c7307 _d7307 |
||
| 100 | _a20080729 | ||
| 245 | 0 | 0 |
_aSacred sites, sacred places / _cedited by David L. Carmichael ... [et al.]. |
| 260 |
_aLondon ; _aNew York : _bRoutledge,1994 _c1994. |
||
| 300 |
_axxiii, 300 p. : _bill., maps ; _c24 cm. |
||
| 440 | 0 |
_aOne world archaeology ; _v23 |
|
| 500 | _adistributer: Al-Ahram | ||
| 504 | _aIncludes bibliographical references and index. | ||
| 511 | _acatalogued by: wessam | ||
| 650 | 0 | _aSacred space. | |
| 650 | 0 | _aReligion, Prehistoric. | |
| 650 | 0 | _aHistoric sites. | |
| 650 | 0 |
_aIndians _xReligion. |
|
| 700 | 1 | _aCarmichael, David L. | |
| 856 | 4 | 2 |
_3Publisher description _uhttp://www.loc.gov/catdir/enhancements/fy0648/93033400-d.html |
| 942 |
_cBB _k291.35CAR |
||
| 999 |
_c7307 _d7307 |
||